Highest Earning Athletes - Statistics

General Stats
  • This quiz has been taken 70 times
    22 since last reset
  • The average score is 9 of 20
Answer Stats
Total Earning Athlete Sport % Correct
$275 M Cristiano Ronaldo Football (soccer)
100%
$135 M Lionel Messi Football (soccer)
100%
$133.8 M LeBron James Basketball
89%
$156 M Stephen Curry Basketball
89%
$90 M Kylian Mbappé Football (soccer)
67%
$86.8 M Patrick Mahomes NFL
56%
$87.9 M Rory McIlroy Golf
50%
$94.4 M Giannis Antetokounmpo Basketball
44%
$101.4 M Kevin Durant Basketball
44%
$102.5 M Shohei Ohtani Baseball
44%
$146 M Tyson Fury Boxing
44%
$101 M Oleksandr Usyk Boxing
33%
$137 M Dak Prescott NFL
28%
$114 M Juan Soto Baseball
28%
$104 M Karim Benzema Football (soccer)
22%
$92.5 M Scottie Scheffler Golf
22%
$80.8 M Jared Goff NFL
6%
$100 M John Rahm Golf
6%
$91.8 M Deshaun Watson NFL
0%
$83 M Jordan Love NFL
0%
No matching quizzes found
Score Distribution
Percent of People with Each Score
Percentile by Number Answered
Your Score History
You have not taken this quiz since the last reset